Euroreport plus časopis na prezentáciu Slovenska v Európskej únii

Guardado en:
Detalles Bibliográficos
Formato: Seriadas
Lenguaje:eslovaco
Publicado: Bratislava Euroreport plus 2012
Materias:
Etiquetas: Agregar Etiqueta
Sin Etiquetas, Sea el primero en etiquetar este registro!

MARC

LEADER 00000nas2a2200000 4500
001 0228110
005 20170310135350.2
022 |a 1336-8796 
041 0 |a slo 
044 |a SK 
245 1 0 |a Euroreport plus  |b časopis na prezentáciu Slovenska v Európskej únii 
264 1 |a Bratislava  |b Euroreport plus  |c 2012 
773 0 |w eu_un_cat*0052796 
610 2 0 |a integrácia ekonomická medzinárodná 
610 2 0 |a Slovensko 
610 2 0 |a Európska únia